[Event "IECC Swiss email"]
[Site "IECC email"]
[Date "1999.05.06"]
[Round "?"]
[White "Kriechel, Ben"]
[Black "Johnson, Jeremiah"]
[Result "1/2-1/2"]
[WhiteElo "1762"]
[BlackElo "1742"]
[PlyCount "85"]
[EventDate "1999.??.??"]
[EventType "tourn (corr)"]
[EventRounds "6"]
[SourceTitle "Corr 2008"]
[Source "ChessBase"]
[SourceDate "2008.06.24"]
[SourceVersion "1"]
[SourceVersionDate "2008.06.24"]
[SourceQuality "1"]

1. e4 c5 2. Nf3 e6 3. d4 cxd4 4. Nxd4 Nf6 5. Nc3 Nc6 6. Ndb5 d6 7. Bf4 e5 8. Bg5 a6 9. Na3 b5 10. Nd5 Qa5+ 11. Bd2 Qd8 12. c4 Nxe4 13. cxb5 Ne7 14. Qc2 Nc5 15. Nxe7 Bxe7 16. b4 Ne6 17. bxa6 0-0 18. Qc6 Bd7 19. Qb7 Qc8 20. Bb5 Bxb5 21. Nxb5 Qxb7 22. axb7 Rab8 23. a4 Rxb7 24. Ke2 Ra8 25. Rhb1 d5 26. Nc3 d4 27. Nd5 Bd8 28. Kd3 f5 29. Rc1 e4+ 30. Ke2 g5 31. Rc6 Kf7 32. a5 f4 33. Rd6 Be7 34. Rb6 Rxb6 35. Nxb6 Rd8 36. a6 e3 37. fxe3 fxe3 38. a7 exd2 39. a8Q Rxa8 40. Rxa8 Bxb4 41. Nd5 Bc3 42. Ra3 Nf4+ 43. Nxf4 1/2-1/2

[Event "IECC Swiss email"]
[Site "IECC email"]
[Date "1998.11.27"]
[Round "1"]
[White "Theofel, Jan"]
[Black "Johnson, Jeremiah"]
[Result "0-1"]
[WhiteElo "1313"]
[BlackElo "1751"]
[PlyCount "52"]
[EventDate "1998.??.??"]
[EventType "tourn (corr)"]
[EventRounds "6"]
[SourceTitle "Corr 2008"]
[Source "ChessBase"]
[SourceDate "2008.06.24"]
[SourceVersion "1"]
[SourceVersionDate "2008.06.24"]
[SourceQuality "1"]

1. e4 c5 2. Nf3 e6 3. Nc3 a6 4. d3 g6 5. Bg5 Qb6 6. Rb1 Bg7 7. Be2 Nc6 8. 0-0 Nge7 9. Na4 Qa7 10. Be3 d6 11. b4 b6 12. c3 0-0 13. d4 cxd4 14. cxd4 d5 15. Nc3 dxe4 16. Nxe4 Rd8 17. a4 Bb7 18. a5 Nxd4 19. Bxd4 Bxe4 20. Rb3 Bxd4 21. Nxd4 e5 22. Bd3 Rxd4 23. Qc2 Rc8 24. axb6 Qxb6 25. Qe2 Bxd3 26. Rxd3 Qb5 0-1